1988 1916 1365 1345 1929 1777 1859 1424 1935 1662 1059 1278 1784 1678 1441 1646 1220 1270 1516 1876 1432 1951 1644 1372 1720 1669 1915 1929 1182 1621 1987 1052 1829 1793 1938 1789 1321 1661 1114 1544 1066 1614 1160 1679 1149 1966 1568 1342 1340 1741 1803 1648 1269 1090 1341 1218 1848 1389 1374 1350 1368 1659 1333 1332 1136 1951 1603 1063 1907 1255 1789 1656 1304 1645 1112 1202 1310 1416 1863 1316 1822 1938 1866 1296 1155 1020 1023 1582 1721 1006 1221 1313 1069 1174 1478 1931 1758 1725 1870 BCNSPRNW ULIB Ver.6.0+V

เปลี่ยนเป็นภาษาไทย

Change to English
 แสดงรายละเอียดบรรณานุกรม
  กลับหน้าหลัก

Brief Record : Get Marc (ISO 2709) : E-mail record : QR code < ปิดหน้าต่าง
LEADER : 00000nam 2200000uu 4500
001    13399121636
003     ULIB
008    121128s2552||||th 000 0 tha d
020    ^a9786117058066
060  4 ^aWS113^bป387
100 0  ^aประสงค์ พฤกานานนท์
245 00 ^aรู้ได้อย่างไรว่าลูกป่วย/^cประสงค์ พฤกานานนท์
260    ^aกรุงเทพฯ:^bฐานบุ๊คส์,^c2552
300    ^a179 หน้า :^bภาพประกอบ(สีบางภาพ)
650  7 ^aเด็กป่วย
650  7 ^aเด็ก^xโรค
650  7 ^aกุมารเวชศาสตร์
945    ^p170^l0^i16097
995    ^aวิภา
999 ^a ใช้งานได้ทุกระบบ
รายการนี้ยังไม่มีแท็ก
คุณยังไม่ได้ล็อกอิน คุณสามารถมีกิจกรรมร่วมกับเว็บไซต์ได้ แต่ต้องล็อกอินก่อน ::
  ล็อกอิน

รายการสื่อสารสนเทศ

ลำดับที่ ประเภท เลขเรียก/บาร์โค้ด สถานที่ สถานะ
- ไม่พบข้อมูล -

รายการใกล้เคียง
    ผู้แต่ง [ประสงค์ พฤกานานนท์]

    หัวเรื่อง [เด็กป่วย]
    หัวเรื่อง [กุมารเวชศาสตร์]

BibComment


ยังไม่เคยถูกคอมเมนท์

คอมเมนท์ทรัพยากรรายการนี้
  คอมเมนท์: รู้ได้อย่างไรว่า..


 Copyright 2026. Bcnsprnw @Library